| 000 | 00789nam a22002057a 4500 | ||
|---|---|---|---|
| 999 |
_c14954 _d14954 |
||
| 003 | MIRAKIL | ||
| 005 | 20220809154618.0 | ||
| 008 | 220809b tu ||||| |||| 00| 0 tur d | ||
| 040 |
_aTR-AnCHP _btur _cTR-AnCHP |
||
| 041 | _atur | ||
| 082 |
_aCHP 351.72256 _bC36p 2021 |
||
| 245 |
_aPlan ve Bütçe Komisyonu bütçe görüşmeleri dış politika karşı oy yazısı/ _cCHP Dış ilişkilerden Sorumlu Başdanışmanlık. |
||
| 260 |
_aAnkara: _bCHP, _c2021. |
||
| 300 |
_a31 s.: _c21 sm. |
||
| 610 |
_aCHP _xTBMM _yBütçe görüşmeleri |
||
| 610 | 0 |
_aTürkiye Büyük Millet Meclisi (TBMM) _xBütçe görüşmeleri _xDış politika _yAralık 2021 _96082 |
|
| 650 | 0 |
_aTürkiye _xDış ilişkiler _yBütçe görüşmeleri _94 |
|
| 710 |
_aTBMM _bPlan ve Bütçe Komisyonu |
||
| 942 |
_2ddc _cVIS |
||